000 01115cad a22002415a 4500
001 L146940
008 090316s2009 xxkd f s 000 0 eng d
035 _a(Sirsi) u146940
041 0 _aeng
050 0 4 _a333.337 $2 18
110 2 _aKing Sturge
_93877
245 0 0 _aEuropean industrial property markets 2009
_h[electronic resource]
260 _aLondon
_bKing Sturge
_c2009
490 0 _aKing Sturge European Industrial Property Markets
_v2009
520 _aPredicts that the current economic downturn will cause an increase in second-hand stock, due to business failures and rising unemployment. In terms of rents, the balance of the market is expected to favour occupiers in 2009, with landlords increasingly flexible with regard to rents, leases and incentives.
590 _aKA
650 2 4 _aEUROPEAN INDUSTRIAL PROPERTY MARKETS
651 4 _aEurope
690 _aPROPERTY-COMMERCIAL PROPERTY-COMMERCIAL PROPERTY MARKET
690 _aPROPERTY-INDUSTRIAL PROPERTY
856 4 0 _uhttps://www.kingsturge.com
_zView the item free of charge (requires registration) at www.kingsturge.com...
942 _n0
999 _c109364
_d109364